Top 100 Marvel Female Heroes - Statistics

General Stats
  • This quiz has been taken 181 times
    175 since last reset
  • The average score is 52 of 100
Answer Stats
Answer % Correct
Black Widow (Natasha Romanoff)
95%
Captain Marvel (Carol Danvers)
95%
M (Monet St. Croix)
94%
Ms. Marvel (Kamala Khan)
94%
Photon / Spectrum / Pulsar / Captain Marvel (Monica Rambeau)
94%
Phyla Vell (Captain Marvel)
94%
She-Hulk
93%
Storm (Ororo Munroe)
93%
Phoenix (Jean Grey)
92%
Scarlet Witch (Wanda Maximoff)
92%
Rogue
87%
Spider Gwen (Gwen Stacy)
87%
Spider Woman (Jessica Drew)
84%
Wasp (Janet van Dyne)
84%
Emma Frost
83%
Gamora
83%
Jubilee (Jubilation Lee)
82%
Kitty Pryde (Shadowcat)
82%
Elektra
79%
Thor (Jane Foster)
79%
Jessica Jones (Power Girl)
78%
Mantis
78%
Rescue (Pepper Potts)
77%
Shuri (Aja-Adanna)
77%
Invisible Woman (Sue Storm)
76%
Nebula
76%
Psylocke (Elizabeth "Betsy" Braddock)
76%
Kate Bishop
73%
Valkyrie (Brunnhilde)
72%
Agent 13 (Sharon Carter)
71%
Black Cat (Felicia Hardy)
71%
Peggy Carter
69%
Sif
67%
Magik (Illyanna Rasputina)
66%
X-23 (Laura Kinney)
66%
Spider Girl (May Day Parker)
64%
Yelena Belova
63%
Medusa
61%
Dagger (Tandy Bowen)
60%
Domino
59%
Okoye
59%
Red She Hulk (Betty Ross)
59%
Mary Jane Watson
58%
Polaris (Lorna Dane)
57%
Squirrel Girl (Doreen Green)
57%
Mockingbird (Bobbi Morse)
55%
Crystal
54%
Iron Heart (Riri Williams)
52%
Hellcat (Patricia Walker)
51%
Stature (Cassie Lang)
51%
America Chavez
50%
Colleen Wing
50%
Dazzler
50%
Misty Knight
50%
Namora
50%
White Tiger
50%
Quake (Daisy Johnson)
49%
Tigra
48%
Namorita
46%
Sersi
45%
Clea
44%
Hope Summers
44%
Wolfsbane (Rahne Sinclair)
41%
Blink
40%
Echo
40%
Moonstar (Dani Moonstar)
40%
Firestar
39%
Madame Web
39%
Moondragon
38%
Phoenix (Rachel Grey)
38%
Pixie
38%
Songbird
37%
Silk
36%
Silver Sable
35%
Valeria Richards
35%
Boom Boom
32%
Siryn
30%
Nico Minoru
29%
Elsa Bloodstone
28%
Lillandra
28%
Stepford Cuckoos
26%
Aurora
23%
Husk
22%
Sharon Ventura (She-Thing)
21%
Vindicator (Heather MacNeil Hudson)
21%
Armor
20%
Snowbird
20%
Cecilia Reyes
17%
Marrow
17%
Sage
17%
Shanna
16%
Thundra
15%
Meggan
14%
Big Bertha
10%
Feral
10%
Hepzibah
7%
G'iah
6%
Talisman
6%
Sabra
5%
Abigail Brand
4%
No matching quizzes found
Score Distribution
Percent of People with Each Score
Percentile by Number Answered
Your Score History
You have not taken this quiz since the last reset